[Event "World Rapid Women 2019"]
[Site "Moscow RUS"]
[Date "2019.12.26"]
[Round "2.13"]
[White "Kovalevskaya, Ekaterina"]
[Black "Khademalsharieh, Sarasadat"]
[Result "1-0"]
[WhiteTitle "IM"]
[BlackTitle "IM"]
[WhiteElo "2407"]
[BlackElo "2487"]
[WhiteFideId "4116704"]
[BlackFideId "12512214"]
[EventDate "2019.12.26"]
[EventType "rapid"]

1. Nf3 d5 2. g3 g6 3. Bg2 Bg7 4. d4 c6 5. O-O Nh6 6. Nc3 Nf5 7. Bf4 O-O 8. Qd2
Qb6 9. Na4 Qb5 10. b3 Nd7 11. Ne5 Nxe5 12. dxe5 f6 13. exf6 Bxf6 14. Rad1 e5 15.
Bg5 Bxg5 16. Qxg5 e4 17. c4 dxc4 18. Nc3 Qe5 19. Nxe4 cxb3 20. g4 Qe7 21. gxf5
Qxg5 22. Nxg5 Rxf5 23. Rd8+ Kg7 24. h4 bxa2 25. Ra1 h6 26. Nf3 Rf8 27. Rxf8 Kxf8
28. Rxa2 a5 29. Ne5 a4 30. Ra3 Be6 31. Nxc6 bxc6 32. Bxc6 Ra6 33. Bxa4 Kg7 34.
Re3 Bd5 35. Bc2 Ra1+ 36. Kh2 Rh1+ 37. Kg3 Rg1+ 38. Kf4 Kf6 39. Rg3 g5+ 40. hxg5+
hxg5+ 41. Ke3 Ra1 42. Rh3 Ra3+ 43. Bd3 Be6 44. Rh6+ Ke5 45. f3 Ra5 46. Rg6 Kd6
47. Bc4 Re5+ 1-0

[Event "World Rapid Women 2019"]
[Site "Moscow RUS"]
[Date "2019.12.26"]
[Round "2.14"]
[White "Mammadova, Gulnar"]
[Black "Kovanova, Baira"]
[Result "1/2-1/2"]
[WhiteTitle "IM"]
[BlackTitle "WGM"]
[WhiteElo "2386"]
[BlackElo "2335"]
[WhiteFideId "13403508"]
[BlackFideId "4164083"]
[EventDate "2019.12.26"]
[EventType "rapid"]

1. e4 e5 2. Nf3 Nc6 3. Bc4 Nf6 4. d3 Be7 5. O-O O-O 6. Re1 d6 7. a4 Be6 8. Nbd2
h6 9. c3 Qd7 10. Bxe6 fxe6 11. Nf1 Nh5 12. d4 Qe8 13. a5 a6 14. Ng3 Nf4 15. d5
Nd8 16. c4 Qg6 17. Kh1 h5 18. dxe6 Ndxe6 19. Rg1 h4 20. Nf5 Rxf5 21. exf5 Qxf5
22. Bxf4 Nxf4 23. Ra3 Rf8 24. Re3 h3 25. gxh3 Nxh3 26. Rg2 Rf7 27. Qe1 e4 28.
Rg3 exf3 29. Rgxf3 Nf4 30. Rxf4 Qxf4 31. Rxe7 Rxe7 32. Qxe7 Qxf2 33. Qe8+ Qf8
34. Qe6+ Qf7 35. Qc8+ Kh7 36. Qh3+ Kg8 1/2-1/2

[Event "World Rapid Women 2019"]
[Site "Moscow RUS"]
[Date "2019.12.26"]
[Round "2.15"]
[White "Buksa, Nataliya"]
[Black "Arabidze, Meri"]
[Result "0-1"]
[WhiteTitle "IM"]
[BlackTitle "IM"]
[WhiteElo "2403"]
[BlackElo "2435"]
[WhiteFideId "14123622"]
[BlackFideId "13604040"]
[EventDate "2019.12.26"]
[EventType "rapid"]

1. e4 e5 2. Nf3 Nc6 3. d4 exd4 4. Bc4 Nf6 5. e5 Ng4 6. O-O d6 7. exd6 Qxd6 8.
Re1+ Be7 9. Bg5 Nf6 10. Bb5 Bd7 11. c3 O-O 12. cxd4 Nd5 13. Nc3 Nxc3 14. bxc3
Bxg5 15. Nxg5 Qd5 16. Bxc6 Bxc6 17. Nf3 Rfe8 18. Qd2 f6 19. h3 Rad8 20. Qf4 Qd6
21. Qxd6 Rxd6 22. Rxe8+ Bxe8 23. Rb1 b5 24. Nd2 Ra6 25. Rb2 c6 26. Kf1 Bf7 27.
Nb3 Ra3 28. Ke2 a5 29. Kd2 Bxb3 30. axb3 Kf7 31. Kd3 Ke6 32. g4 Kd5 33. f4 c5
34. dxc5 Kxc5 35. f5 b4 36. c4 a4 37. Kc2 axb3+ 38. Kd3 Ra2 39. Rxb3 Ra3 40.
Rxa3 bxa3 41. Kc3 a2 42. Kb2 Kxc4 43. Kxa2 Kd4 44. Kb3 Ke4 45. Kc4 Kf4 46. Kd4
Kg3 47. Ke3 Kxh3 48. Kf3 Kh4 49. Kf4 h5 50. gxh5 Kxh5 51. Kf3 Kg5 52. Ke4 Kg4
53. Kd4 0-1

[Event "World Rapid Women 2019"]
[Site "Moscow RUS"]
[Date "2019.12.26"]
[Round "2.17"]
[White "Ovod, Evgenija"]
[Black "Bodnaruk, Anastasia"]
[Result "1-0"]
[WhiteTitle "IM"]
[BlackTitle "IM"]
[WhiteElo "2362"]
[BlackElo "2413"]
[WhiteFideId "4131827"]
[BlackFideId "4181751"]
[EventDate "2019.12.26"]
[EventType "rapid"]

1. e4 d6 2. d4 g6 3. Bd3 Bg7 4. c3 e5 5. Nf3 Ne7 6. O-O O-O 7. Be3 Bg4 8. Nbd2
exd4 9. Bxd4 Nbc6 10. Bxg7 Kxg7 11. Be2 d5 12. e5 Qd7 13. Re1 Rfe8 14. h3 Bxf3
15. Nxf3 Nf5 16. Bb5 a6 17. Bxc6 Qxc6 18. g4 Ne7 19. Qd4 Qc4 20. Qxc4 dxc4 21.
Re4 b5 22. Rd1 Rad8 23. Red4 Nc6 24. Rxd8 Rxd8 25. Rxd8 Nxd8 26. Ng5 h6 27. Ne4
Ne6 28. h4 g5 29. hxg5 hxg5 30. f3 Kg6 31. Kf2 a5 32. Ke3 Kg7 33. a4 c6 34. Nd6
Nc7 35. Kd4 f6 36. Kc5 bxa4 37. Kxc6 Ne6 38. Nxc4 Nf4 39. exf6+ Kxf6 40. Kb5 a3
41. Nxa3 Nd3 42. Nc4 Ne1 43. Nd2 Nd3 44. b3 Ke5 45. Kxa5 Kf4 46. b4 Ne5 47. Kb5
Nf7 48. Kc5 Ke3 49. Ne4 Kxf3 50. Nf6 Kf4 51. Kd5 Nd8 52. c4 Nb7 53. c5 Nd8 54.
c6 1-0

[Event "World Rapid Women 2019"]
[Site "Moscow RUS"]
[Date "2019.12.26"]
[Round "2.18"]
[White "Goltseva, Ekaterina"]
[Black "Batsiashvili, Nino"]
[Result "1-0"]
[WhiteTitle "FM"]
[BlackTitle "GM"]
[WhiteElo "2297"]
[BlackElo "2447"]
[WhiteFideId "24173770"]
[BlackFideId "13602993"]
[EventDate "2019.12.26"]
[EventType "rapid"]

1. d4 Nf6 2. c4 e6 3. Nc3 Bb4 4. e3 O-O 5. Bd3 d5 6. Nf3 dxc4 7. Bxc4 c5 8. O-O
Qc7 9. Qe2 a6 10. dxc5 Nbd7 11. Bd2 Bxc5 12. Rac1 Qb8 13. e4 b5 14. Bd3 Bb7 15.
h3 Bb6 16. Bb1 h6 17. Rfe1 Ne5 18. Bf4 Bc7 19. Nxe5 Bxe5 20. Be3 Bxc3 21. bxc3
e5 22. c4 bxc4 23. Rxc4 Rc8 24. Rec1 Rxc4 25. Rxc4 Qd6 26. f3 Rd8 27. Bc2 a5 28.
Rc5 Ba6 29. Qe1 Nh5 30. Qxa5 Re8 31. Rd5 Qf6 32. Bb3 Nf4 33. Bxf4 exf4 34. Rf5
Qd4+ 35. Kh2 Bc4 36. Qa4 Rc8 37. Qb4 Qd3 38. Qb7 Rf8 39. Qb4 Bxb3 40. axb3 Qe3
41. Qc4 g6 42. Rf6 Kg7 43. Rd6 Qe1 44. Qd4+ Kg8 45. Rb6 Qg3+ 46. Kh1 Qe1+ 47.
Qg1 Qxg1+ 48. Kxg1 Rc8 49. Rb7 Rc1+ 50. Kh2 Rc2 51. h4 h5 52. Rb4 Rb2 53. Rb7
Kg7 54. b4 Rb1 55. b5 Kf6 56. Rb6+ Kg7 57. Rb8 Kf6 58. b6 Kg7 59. e5 Rb5 60. b7
Rb1 61. g3 fxg3+ 62. Kxg3 Rb4 63. f4 Rb3+ 64. Kf2 Kh7 65. Ke2 Kg7 66. Kd2 Rb1
67. Kc3 Rc1+ 68. Kb2 Rc6 69. Rg8+ Kxg8 70. b8=Q+ Kg7 71. Qd8 Re6 72. Kc3 Ra6 73.
Kd3 Ra3+ 74. Ke2 Ra2+ 75. Ke3 Ra3+ 76. Kd2 Ra2+ 77. Kc3 Ra3+ 78. Kb4 Ra6 79. Qd4
Re6 80. Kc5 Kg8 81. Qd7 Kf8 82. Qxe6 fxe6 83. Kd6 Kf7 84. Kd7 g5 85. fxg5 Kg6
86. Kxe6 1-0

[Event "World Rapid Women 2019"]
[Site "Moscow RUS"]
[Date "2019.12.26"]
[Round "2.19"]
[White "Bulmaga, Irina"]
[Black "Dauletova, Gulmira"]
[Result "1-0"]
[WhiteTitle "IM"]
[BlackTitle "WIM"]
[WhiteElo "2434"]
[BlackElo "2250"]
[WhiteFideId "13903063"]
[BlackFideId "13702971"]
[EventDate "2019.12.26"]
[EventType "rapid"]

1. e4 e5 2. Nf3 d6 3. d4 exd4 4. Qxd4 Nc6 5. Bb5 Bd7 6. Bxc6 Bxc6 7. Nc3 Nf6 8.
Bf4 Be7 9. g4 O-O 10. g5 Nh5 11. Be3 f5 12. O-O-O fxe4 13. Ne5 Kh8 14. Nxc6 bxc6
15. Qxe4 Bxg5 16. Qxc6 Rxf2 17. Bxg5 Qxg5+ 18. Kb1 Raf8 19. Qxc7 Qf5 20. Rc1 Qc5
21. Qb7 Nf6 22. Rhg1 Rg8 23. h3 Rh2 24. Rg3 d5 25. Rd3 d4 26. Nb5 Rd8 27. Nxd4
Qb6 28. Qxb6 axb6 29. a4 g6 30. Rf1 Ne4 31. Nf3 Rxd3 32. cxd3 Nd2+ 33. Nxd2 Rxd2
34. Rf3 Kg7 35. Ka2 g5 36. Kb3 h5 37. Kc3 Rg2 38. b4 h4 39. a5 bxa5 40. bxa5 Ra2
41. Rf5 Kg6 42. Rb5 g4 43. hxg4 h3 44. Rh5 h2 45. d4 Rxa5 46. Rxh2 Ra3+ 47. Kc4
Rg3 48. Rf2 Rxg4 49. Kc5 Rg1 50. d5 Rc1+ 51. Kd6 Rd1 52. Ke6 Re1+ 53. Kd7 Rd1
54. d6 Kg7 55. Ke7 Re1+ 56. Kd8 Rd1 57. d7 Rd3 58. Rf4 Rc3 59. Ke7 Re3+ 60. Kd6
Rd3+ 61. Ke6 Rd1 62. Rf5 1-0

[Event "World Rapid Women 2019"]
[Site "Moscow RUS"]
[Date "2019.12.26"]
[Round "2.20"]
[White "Barchuk, Irina"]
[Black "Sargsyan, Anna M."]
[Result "0-1"]
[BlackTitle "WIM"]
[WhiteElo "2121"]
[BlackElo "2382"]
[WhiteFideId "14119005"]
[BlackFideId "13308130"]
[EventDate "2019.12.26"]
[EventType "rapid"]

1. e4 c6 2. d4 d5 3. e5 c5 4. dxc5 e6 5. a3 Bxc5 6. b4 Bb6 7. Bd3 Ne7 8. Bb2
Nbc6 9. Nd2 Qc7 10. Ngf3 Ng6 11. O-O Ncxe5 12. Nxe5 Nxe5 13. Qh5 Nxd3 14. Bxg7
Qxc2 15. Bxh8 Qxd2 16. Rad1 Nf4 17. Qxh7 Ne2+ 18. Kh1 Qg5 19. Bg7 Qg6 20. Qxg6
fxg6 21. g3 Kf7 22. Be5 d4 23. Rd2 Nc3 24. Bxd4 Bxd4 25. Rxd4 Nd5 26. Rc1 Bd7
27. Rc7 Ke8 28. Rxb7 Bc6 29. Rg7 Nf4+ 30. Kg1 Ne2+ 31. Kf1 Nxd4 32. Rxg6 Kf7 33.
Rg4 e5 34. f4 Nf5 35. Rg5 Kf6 36. h4 e4 37. h5 Bb5+ 38. Ke1 e3 39. g4 Nd4 0-1

[Event "World Rapid Women 2019"]
[Site "Moscow RUS"]
[Date "2019.12.26"]
[Round "2.21"]
[White "Song, Yuxin"]
[Black "Galliamova, Alisa"]
[Result "1/2-1/2"]
[WhiteTitle "WIM"]
[BlackTitle "IM"]
[WhiteElo "2299"]
[BlackElo "2438"]
[WhiteFideId "8614300"]
[BlackFideId "4129725"]
[EventDate "2019.12.26"]
[EventType "rapid"]

1. e4 e5 2. Nf3 Nc6 3. Bb5 g6 4. d4 exd4 5. Nxd4 Bg7 6. Nxc6 bxc6 7. Ba4 Ne7 8.
O-O O-O 9. Nc3 d6 10. Qf3 h6 11. Rd1 Kh7 12. Be3 f5 13. Bd4 fxe4 14. Qxe4 d5 15.
Qd3 Bf5 16. Qe3 Bxd4 17. Qxd4 Qd6 18. Re1 Rf7 19. b4 a5 20. a3 axb4 21. axb4
Raf8 22. Rab1 Bd7 23. Qe5 Nc8 24. Qxd6 Nxd6 25. f3 g5 26. b5 cxb5 27. Nxb5 Nc4
28. Nc3 c6 29. Rb7 d4 30. Rd1 dxc3 31. Rdxd7 Rxd7 32. Rxd7+ Kh8 33. Bxc6 Rb8 34.
Be4 Rb1+ 35. Kf2 Nd2 36. Bd3 Rb6 37. Ke3 Re6+ 38. Kd4 Rc6 39. Rd8+ Kg7 40. Bb5
Rb6 41. Kxc3 Nxf3 42. Rd7+ Kf6 43. gxf3 Rxb5 44. Rd6+ Kg7 1/2-1/2

[Event "World Rapid Women 2019"]
[Site "Moscow RUS"]
[Date "2019.12.26"]
[Round "2.22"]
[White "Shuvalova, Polina"]
[Black "Protopopova, Anastasiya"]
[Result "1-0"]
[WhiteTitle "WGM"]
[BlackTitle "WFM"]
[WhiteElo "2446"]
[BlackElo "2230"]
[WhiteFideId "24171760"]
[BlackFideId "24172073"]
[EventDate "2019.12.26"]
[EventType "rapid"]

1. e4 c5 2. Nf3 d6 3. Bb5+ Nd7 4. Ba4 Nf6 5. O-O e6 6. Re1 a6 7. c4 Be7 8. Nc3
O-O 9. d4 cxd4 10. Nxd4 Qc7 11. Qe2 Ne5 12. Bb3 Bd7 13. f4 Nc6 14. Nxc6 Bxc6 15.
Bd2 Rab8 16. Kh1 b5 17. cxb5 axb5 18. Rac1 Qb7 19. a3 Rfc8 20. h3 Nd7 21. f5
exf5 22. exf5 Ne5 23. Rcd1 Bh4 24. Rf1 Re8 25. Bc1 Nf3 26. Be3 Bg5 27. Nd5 Nh4
28. Qg4 Bxe3 29. Qxh4 Re5 30. Qg3 Bh6 31. Qd3 Rbe8 32. Rf2 Bg5 33. Kh2 h6 34.
Rc2 Bd7 35. Rf2 Bc6 36. Ba2 Re4 37. Qc3 Bh4 38. Rfd2 R4e5 39. f6 g6 40. Ne7+
R8xe7 41. fxe7 Bxe7 42. Rf1 Be8 43. Qf3 Qxf3 44. Rxf3 Kg7 45. Rd5 Re2 46. Kg1
Rxb2 47. Rf2 Rxf2 48. Kxf2 Kf6 49. Rd3 d5 50. Bxd5 b4 51. Rf3+ Kg7 52. axb4 Bxb4
53. Rb3 Bc5+ 54. Kf3 f5 55. Rb7+ Kf6 56. Rc7 Bd6 57. Ra7 Bb5 58. Ra5 Bd3 59. Bb7
f4 60. Rd5 1-0

[Event "World Rapid Women 2019"]
[Site "Moscow RUS"]
[Date "2019.12.26"]
[Round "2.23"]
[White "Munkhzul, Davaakhuu"]
[Black "Munguntuul, Batkhuyag"]
[Result "0-1"]
[WhiteTitle "WCM"]
[BlackTitle "IM"]
[WhiteElo "1991"]
[BlackElo "2430"]
[WhiteFideId "4902815"]
[BlackFideId "4900758"]
[EventDate "2019.12.26"]
[EventType "rapid"]

1. e4 c5 2. Nf3 e6 3. d4 cxd4 4. Nxd4 Nc6 5. Nc3 Qc7 6. Be3 a6 7. a3 Nf6 8. g4
d5 9. exd5 Nxd5 10. Nxd5 exd5 11. Bg2 Bd6 12. Qd2 Ne7 13. h3 O-O 14. O-O-O b5
15. f4 Rb8 16. Kb1 Bd7 17. c3 a5 18. Nc2 b4 19. cxb4 Ba4 20. bxa5 Bxc2+ 21. Qxc2
Qxa5 22. Ka2 Rfc8 23. Qd3 Qa4 24. Rc1 Nc6 25. Bd2 Bxf4 26. Bxd5 Bxd2 27. Qxd2
Rd8 28. Kb1 Ne7 29. Bxf7+ Kxf7 30. Rhf1+ Kg8 31. Qe3 Nd5 32. Qe6+ Kh8 33. Rf3
Qd4 34. Qe2 h6 35. Rd3 Rxb2+ 36. Qxb2 Qxd3+ 37. Ka1 Ne3 38. Rc7 Qd1+ 39. Rc1 Qd6
40. Re1 Nc2+ 41. Qxc2 Qxa3+ 0-1

[Event "World Rapid Women 2019"]
[Site "Moscow RUS"]
[Date "2019.12.26"]
[Round "2.24"]
[White "Girya, Olga"]
[Black "Strutinskaia, Galina"]
[Result "1-0"]
[WhiteTitle "WGM"]
[BlackTitle "WGM"]
[WhiteElo "2488"]
[BlackElo "2214"]
[WhiteFideId "4195752"]
[BlackFideId "4108558"]
[EventDate "2019.12.26"]
[EventType "rapid"]

1. d4 e6 2. c4 Bb4+ 3. Bd2 a5 4. a3 Be7 5. Nc3 d5 6. Nf3 Nf6 7. Bf4 c6 8. e3 Nh5
9. Bg3 Nd7 10. Bd3 g6 11. Rc1 f5 12. Be5 O-O 13. h3 Nxe5 14. Nxe5 Nf6 15. g4 Rb8
16. Rg1 Ne4 17. gxf5 exf5 18. Nxg6 hxg6 19. Nxe4 Kf7 20. Nc3 Be6 21. cxd5 cxd5
22. Qf3 Rc8 23. Rc2 Rh8 24. Ke2 Bf6 25. Rgc1 Qd7 26. Nb5 Rc6 27. Na7 Rxc2+ 28.
Rxc2 Qe7 29. Nb5 Rc8 30. Rxc8 Bxc8 31. Qxd5+ Be6 32. Qxb7 Bd7 33. Nc3 Ke8 34.
Qb8+ Qd8 35. Qxd8+ Bxd8 36. Bb5 f4 37. Kf3 fxe3 38. fxe3 Bc7 39. Bxd7+ Kxd7 40.
Nd5 Bd6 41. Kg4 Ke6 42. Nf4+ Kf6 43. e4 Be7 44. e5+ Kg7 45. d5 Bd8 46. Ne6+ 1-0

[Event "World Rapid Women 2019"]
[Site "Moscow RUS"]
[Date "2019.12.26"]
[Round "2.25"]
[White "Karavaeva, Olga"]
[Black "Lagno, Kateryna"]
[Result "0-1"]
[WhiteTitle "WIM"]
[BlackTitle "GM"]
[WhiteElo "2260"]
[BlackElo "2547"]
[WhiteFideId "4124111"]
[BlackFideId "14109336"]
[EventDate "2019.12.26"]
[EventType "rapid"]

1. c4 Nf6 2. Nc3 g6 3. g3 Bg7 4. Bg2 Nc6 5. Nf3 d5 6. cxd5 Nxd5 7. O-O O-O 8. a3
Nb6 9. d3 e5 10. Qc2 Bg4 11. Be3 Nd4 12. Bxd4 exd4 13. Ne4 c6 14. h3 Bf5 15. Nc5
Qe7 16. b4 Nd5 17. Nb3 Qd7 18. Kh2 Nc3 19. Nh4 Rfe8 20. Rae1 Be6 21. Nc5 Qc7 22.
Nxe6 Rxe6 23. Bf3 a5 24. Qb3 axb4 25. axb4 h5 26. Ng2 Rae8 27. Nf4 Rf6 28. e4 g5
29. Nxh5 Rxf3 30. Kg2 Rf6 31. Nxf6+ Bxf6 32. f4 gxf4 33. Rxf4 Bg7 34. Ref1 Re7
35. R1f2 b5 36. Rf5 Qd7 37. R5f4 Qe6 38. Qc2 Ra7 39. Rf5 Ra2 40. Qc1 Bh6 41. Qf1
Be3 42. Rxa2 Qxa2+ 43. Kf3 Bh6 44. h4 Qd2 45. e5 Nd5 46. e6 Qe3+ 47. Kg2 Qxe6
48. Rxd5 Qxd5+ 49. Kh2 c5 50. Qf6 Bg7 51. Qe7 c4 52. dxc4 bxc4 53. Qe8+ Kh7 54.
b5 d3 55. b6 d2 0-1

[Event "World Rapid Women 2019"]
[Site "Moscow RUS"]
[Date "2019.12.26"]
[Round "2.26"]
[White "Mikhaylova, Irina"]
[Black "Pogonina, Natalija"]
[Result "1/2-1/2"]
[WhiteTitle "WGM"]
[BlackTitle "WGM"]
[WhiteElo "2288"]
[BlackElo "2479"]
[WhiteFideId "4109040"]
[BlackFideId "4147855"]
[EventDate "2019.12.26"]
[EventType "rapid"]

1. d4 d5 2. Nf3 Nf6 3. c4 e6 4. Qc2 Be7 5. Bg5 Nbd7 6. e3 O-O 7. Nc3 h6 8. Bh4
c5 9. Rd1 Qa5 10. cxd5 Nxd5 11. Bxe7 Nxe7 12. Be2 Nf6 13. O-O Bd7 14. a3 cxd4
15. Nxd4 Rac8 16. Qb3 b6 17. Bb5 Bxb5 18. Qxb5 Qxb5 19. Ndxb5 a6 20. Nd4 Rc7 21.
Rc1 Rfc8 22. Nde2 Nd7 23. b4 Ne5 24. Nb1 Nc4 25. Rc2 b5 26. Rfc1 Nd5 27. Nd4 Kf8
28. Nb3 Ke7 29. g3 f5 30. N3d2 Ndb6 31. Nxc4 bxc4 32. Nc3 Rd7 33. Rd1 Rd3 34.
Kf1 Rcd8 35. Ke2 R8d7 36. Rdc1 Kf6 37. a4 Nd5 38. Nxd5+ exd5 39. Rd1 Rxd1 40.
Kxd1 Rb7 41. Rb2 Ke5 42. Kc2 d4 43. exd4+ Kxd4 44. Rb1 c3 45. Rb3 g5 46. b5 axb5
47. axb5 Rb6 48. Rb4+ Kc5 49. Kxc3 Kd5 50. Rd4+ Kc5 51. Rc4+ Kd5 52. Rb4 Kc5 53.
Rb1 Kd5 54. Kb4 Rb8 55. Rd1+ Ke4 56. Rd2 Kf3 57. Kc5 Kg2 58. f4+ Kf3 59. fxg5
hxg5 60. b6 f4 61. gxf4 gxf4 62. Kc6 Ke3 63. Rd7 Rc8+ 64. Rc7 Rh8 65. b7 f3 66.
Rc8 f2 67. Rxh8 f1=Q 68. Re8+ Kd4 69. b8=Q Qc4+ 70. Kd7 Qf7+ 71. Re7 Qf5+ 72.
Re6 Qf7+ 73. Re7 Qf5+ 74. Kd8 Qf8+ 75. Re8 Qf6+ 76. Kc7 Qf7+ 77. Kb6 Qb3+ 78.
Ka7 Qa2+ 79. Kb7 Qd5+ 80. Ka6 Qa2+ 81. Kb6 Qb3+ 82. Kc7 Qf7+ 83. Kd6 Qf6+ 84.
Kd7 Qf7+ 85. Kd8 Qf6+ 86. Kc8 Qc6+ 87. Kd8 Qf6+ 88. Kd7 Qf7+ 89. Re7 Qf5+ 90.
Ke8 Qg6+ 91. Kd8 Qg8+ 92. Re8 Qd5+ 93. Ke7 Qg5+ 94. Kd7 Qf5+ 95. Kc7 Qf7+ 96.
Kb6 Qb3+ 97. Ka7 Qa2+ 98. Kb7 Qd5+ 99. Kc7 Qf7+ 100. Kc6 Qd5+ 101. Kb6 Qb3+ 1/2-1/2

[Event "World Rapid Women 2019"]
[Site "Moscow RUS"]
[Date "2019.12.26"]
[Round "2.27"]
[White "Semenova, Elena1"]
[Black "Cramling, Pia"]
[Result "0-1"]
[WhiteTitle "WIM"]
[BlackTitle "GM"]
[WhiteElo "2290"]
[BlackElo "2461"]
[WhiteFideId "24125148"]
[BlackFideId "1700030"]
[EventDate "2019.12.26"]
[EventType "rapid"]

1. e4 c5 2. Nf3 e6 3. d4 cxd4 4. Nxd4 a6 5. Bd3 Bc5 6. c3 d6 7. Be3 Nf6 8. O-O
O-O 9. Nd2 Nbd7 10. Qe2 Ne5 11. Bc2 Neg4 12. Bg5 h6 13. Bh4 Ne5 14. h3 Ng6 15.
Bg3 e5 16. N4b3 Ba7 17. Nc4 Qc7 18. Rad1 Rd8 19. Ne3 Be6 20. Nd5 Bxd5 21. exd5
Ne7 22. c4 Rac8 23. Bd3 Re8 24. Nd2 Nd7 25. Qh5 Nc5 26. Bb1 Qd7 27. Kh1 f5 28.
Bh4 e4 29. g4 Rf8 30. Bxe7 Qxe7 31. gxf5 Qe5 32. b4 Nd3 33. Nxe4 Nf4 34. Qg4 h5
35. Qf3 Rxc4 36. Rfe1 Rd4 37. Rxd4 Bxd4 38. Rg1 Qxf5 39. Nxd6 Qxh3+ 40. Qxh3
Nxh3 41. Rc1 Nxf2+ 42. Kg2 Ng4 43. Rc8 Ne3+ 44. Kh3 Rxc8 45. Nxc8 Nxd5 46. Kh4
Kf8 47. Kxh5 Nc3 48. Bd3 Nxa2 49. b5 a5 50. b6 Nc3 51. Nd6 Bxb6 52. Nxb7 a4 53.
Bc4 Ke7 54. Kg6 Bd4 55. Na5 Kd6 56. Bg8 Ke5 0-1

[Event "World Rapid Women 2019"]
[Site "Moscow RUS"]
[Date "2019.12.26"]
[Round "2.28"]
[White "Zatonskih, Anna"]
[Black "Khokhlova, Daria"]
[Result "1-0"]
[WhiteTitle "IM"]
[WhiteElo "2420"]
[BlackElo "2208"]
[WhiteFideId "14101572"]
[BlackFideId "24182729"]
[EventDate "2019.12.26"]
[EventType "rapid"]

1. d4 Nf6 2. Nf3 c5 3. c3 e6 4. g3 d5 5. Bg2 h6 6. O-O Bd6 7. c4 cxd4 8. Nxd4
O-O 9. Nc3 e5 10. Ndb5 d4 11. Nxd6 Qxd6 12. e3 Qc5 13. exd4 exd4 14. Nd5 Nxd5
15. cxd5 Bf5 16. Bf4 Nd7 17. Rc1 Qb6 18. g4 Bg6 19. Qa4 Nf6 20. h3 Ne4 21. Be5
Qxb2 22. Bxd4 b5 23. Bxb2 bxa4 24. f4 f5 25. Rfe1 Rfe8 26. Bxe4 fxe4 27. Rc7 Bf7
28. d6 Rad8 29. Be5 Bxa2 30. Rxg7+ Kf8 31. Rxa7 Bb3 32. Rxe4 Ra8 33. Bg7+ Kg8
34. Rxe8+ Rxe8 35. d7 Re1+ 36. Kf2 Rd1 37. Bf6 1-0

[Event "World Rapid Women 2019"]
[Site "Moscow RUS"]
[Date "2019.12.26"]
[Round "2.29"]
[White "Guichard, Pauline"]
[Black "Sgircea, Silvia-Raluca"]
[Result "0-1"]
[WhiteTitle "IM"]
[BlackTitle "WIM"]
[WhiteElo "2408"]
[BlackElo "2271"]
[WhiteFideId "639370"]
[BlackFideId "1213776"]
[EventDate "2019.12.26"]
[EventType "rapid"]

1. c4 c5 2. Nf3 g6 3. d4 cxd4 4. Nxd4 Nc6 5. e4 Bg7 6. Be3 d6 7. Nc3 Nf6 8. Be2
O-O 9. O-O Bd7 10. Rc1 Nxd4 11. Bxd4 Bc6 12. Qc2 Bh6 13. Rcd1 Nd7 14. Qd3 a5 15.
Bg4 e5 16. Be3 Bxe3 17. Qxe3 Nc5 18. Rd2 Qe7 19. Rfd1 Rad8 20. Bh3 f5 21. exf5
gxf5 22. f4 Ne4 23. Nxe4 Bxe4 24. Qg3+ Kf7 25. Qf2 Rg8 26. Qb6 exf4 27. Rxd6
Rxd6 28. Qxd6 Qxd6 29. Rxd6 Bxg2 30. Bxg2 f3 31. Rd2 Kf6 32. Kf1 Rxg2 33. Rxg2
fxg2+ 34. Kxg2 Ke5 35. Kf3 Kd4 36. Kf4 Kxc4 37. Kxf5 Kd3 38. Ke5 Kc2 39. Kd5
Kxb2 40. Kc4 Kxa2 41. Kb5 b6 0-1

[Event "World Rapid Women 2019"]
[Site "Moscow RUS"]
[Date "2019.12.26"]
[Round "2.30"]
[White "Ambartsumova, Karina"]
[Black "Muetsch, Annmarie"]
[Result "1-0"]
[WhiteTitle "IM"]
[BlackTitle "WIM"]
[WhiteElo "2341"]
[BlackElo "2227"]
[WhiteFideId "4166299"]
[BlackFideId "12971367"]
[EventDate "2019.12.26"]
[EventType "rapid"]

1. c4 Nf6 2. Nf3 g6 3. g3 Bg7 4. Bg2 O-O 5. O-O c6 6. d4 d5 7. b3 dxc4 8. bxc4
c5 9. Bb2 Qb6 10. Qb3 Nfd7 11. e3 Nc6 12. Nc3 Qxb3 13. axb3 cxd4 14. exd4 Nxd4
15. Nxd4 Bxd4 16. Rfd1 Bf6 17. Ra2 e6 18. Nb5 Bxb2 19. Rxb2 Nf6 20. Rbd2 a6 21.
Nc7 Rb8 22. Rd8 h5 23. b4 Kg7 24. c5 Kg8 25. h3 g5 26. Kf1 Kg7 27. Ke1 g4 28. h4
Kg8 29. R1d6 Kg7 30. Ke2 Kg8 31. f3 gxf3+ 32. Bxf3 Kg7 33. Ke3 Kg8 34. Kf4 Kg7
35. Kg5 Nh7+ 36. Kxh5 e5 37. Rxf8 Kxf8 38. Kh6 Bf5 39. g4 Bc2 40. Rb6 e4 41. Be2
e3 42. Nd5 Re8 43. g5 Re5 44. Nc3 Kg8 45. Rxb7 Re6+ 46. Kh5 Bg6+ 47. Kg4 f5+ 48.
Kf4 Rc6 49. h5 Be8 50. Bc4+ Kh8 51. g6 1-0

[Event "World Rapid Women 2019"]
[Site "Moscow RUS"]
[Date "2019.12.26"]
[Round "2.31"]
[White "Zimina, Olga"]
[Black "Afonasieva, Anna"]
[Result "0-1"]
[WhiteTitle "IM"]
[BlackTitle "WFM"]
[WhiteElo "2390"]
[BlackElo "2302"]
[WhiteFideId "4132190"]
[BlackFideId "24173606"]
[EventDate "2019.12.26"]
[EventType "rapid"]

1. Nf3 d5 2. c4 c6 3. g3 Nf6 4. Bg2 g6 5. b3 Bg7 6. Bb2 O-O 7. O-O b6 8. d3 Bb7
9. cxd5 cxd5 10. Nbd2 Nc6 11. Rc1 Rc8 12. Ne5 Qd6 13. Nxc6 Rxc6 14. Rxc6 Qxc6
15. Nf3 Rc8 16. Bh3 e6 17. Nd4 Qe8 18. Qd2 a5 19. a4 Ba6 20. Rc1 Nd7 21. Rxc8
Qxc8 22. Nxe6 fxe6 23. Bxe6+ Kh8 24. Bxg7+ Kxg7 25. Qf4 Qe8 26. Bxd5 Nf6 27. Bf3
Qe6 28. Qc7+ Kh6 29. Qc1+ Kg7 30. Qc3 Bc8 31. h4 Bd7 32. g4 Kg8 33. g5 Nd5 34.
Qd4 Ne7 35. e4 Be8 36. Qd8 Kf8 37. d4 Qxb3 38. Kg2 Qe6 39. d5 Qe5 40. Qxb6 Bxa4
41. Qxa5 Be8 42. Qa3 Kg7 43. Qe3 Nc8 44. Qc5 Nd6 45. Qc7+ Kg8 46. Kg1 Qf4 47.
Bg2 Bf7 48. Qe7 Nc4 49. Qc5 Ne5 50. Qc8+ Kg7 51. Qc3 Kf8 52. Qc8+ Be8 53. Qc5+
Kg8 54. Qe7 Bd7 55. Qd8+ Kf7 56. Qh8 Ke7 57. Qxh7+ Kd6 58. Qg7 Ng4 59. Qxg6+ Kc5
60. Qg7 Qxf2+ 61. Kh1 Qe1+ 0-1

[Event "World Rapid Women 2019"]
[Site "Moscow RUS"]
[Date "2019.12.26"]
[Round "2.32"]
[White "Garifullina, Leya"]
[Black "Badelka, Olga"]
[Result "0-1"]
[WhiteTitle "WIM"]
[BlackTitle "IM"]
[WhiteElo "2308"]
[BlackElo "2399"]
[WhiteFideId "34127035"]
[BlackFideId "13509926"]
[EventDate "2019.12.26"]
[EventType "rapid"]

1. e4 c5 2. Nf3 Nc6 3. Bb5 e6 4. Bxc6 bxc6 5. b3 d6 6. e5 f6 7. exd6 Bxd6 8. d3
Ne7 9. Nbd2 Nd5 10. O-O e5 11. h3 O-O 12. Bb2 Re8 13. Re1 Be6 14. Ne4 Bf8 15.
Ng3 Qd7 16. Nh2 Rab8 17. Qd2 Rb4 18. Ne2 Rh4 19. Nf3 Rh6 20. c4 Bxh3 21. cxd5
Bxg2 22. Qxh6 gxh6 23. Kxg2 cxd5 24. Ng3 d4 25. Nh4 e4 26. Rxe4 Rxe4 27. dxe4
Qb5 28. Nhf5 Qd3 29. Rc1 Qd2 30. Ba3 Qa5 31. Bb2 Qxa2 32. Bxd4 cxd4 33. Rc8 Qd2
34. Rd8 d3 35. Rd7 Bc5 36. Kh3 Kf8 37. Nh5 Qxf2 38. Nxf6 Qf1+ 39. Kg4 Qg2+ 40.
Ng3 Be7 41. Nxh7+ Ke8 42. Rxd3 h5+ 43. Kxh5 Qh3+ 44. Kg6 Qg4+ 45. Kh6 Kf7 46.
Rd6 Qxg3 0-1